00801naa#a2200181#i#4500001001600000005001700016011001400033100004100047102000700088200017900095210005600274215001100330608004500341675010300386700006600489700005200555856001200607RU\\bibl\11984220260418052158.6##a2782-4586##a20260331b2026####ek#y0rusy0150####ca##aRU1#aРазработка комплексного индекса для оценки финансового состояния компанийeЖурнальная статья1#aМоскваcУниверситет ИТБОd2026##a10 с.##aЖурнальная статья2local##aЭкономика. Народное хозяйство. Экономические науки. 33#1aСтефановаgНаталья Александровна#1aКоролевgАндрей Андреевич4#azhpi.ru